书目信息 |
| 题名: |
经典力学
|
|
| 作者: | 戈尔茨坦, , 普尔, , 萨夫科, 著 | |
| 分册: | ||
| 出版信息: | 北京 高等教育出版社 2005.01 |
|
| 页数: | 638页 | |
| 开本: | 25cm | |
| 丛书名: | 海外优秀理科类系列教材 | |
| 单 册: | ||
| 中图分类: | O31 | |
| 科图分类: | ||
| 主题词: | 经典力学--jing dian li xue--英文--教材 | |
| 电子资源: | ||
| ISBN: | 7-04-016091-9 | |
| 000 | 01332nam 2200289 450 | |
| 001 | 012006382697 | |
| 005 | 20060914111110.04 | |
| 010 | @a7-04-016091-9@dCNY60.00 | |
| 100 | @a20060725d2005 km y0chiy0120 ea | |
| 101 | 0 | @aeng |
| 102 | @aCN@b110000 | |
| 105 | @aa z 000yy | |
| 200 | 1 | @a经典力学@Ajing dian li xue@d= Classical mechanics@f(美) 戈尔茨坦 (Goldstein, H.), 普尔 (Poole, C.), 萨夫科 (Safko, J.) 著@F(mei)ge er ci tan(Goldstein,H.),pu er(Poole,C.),sa fu ke(Safko,J.)zhu@zeng |
| 210 | @a北京@c高等教育出版社@d2005.01 | |
| 215 | @a638页@c图@d25cm | |
| 225 | 2 | @a海外优秀理科类系列教材@Ahai wai you xiu li ke lei xi lie jiao cai |
| 305 | @a据英文第3版影印 | |
| 330 | @a本书内容主要讲述国哥伦比亚州大学Herbert Goldstein等编著的《经典力学》(Classical Mechanics)是一本有着很高知名度的经典力学教材,长期以来被世界上多所大学选用。本影印版是2002年出版的第3版。与前两版相比,第3版在保留基本经典力学内容的基础上,做了不少调整。 | |
| 410 | 0 | @12001 @a海外优秀理科类系列教材 |
| 510 | 1 | @aClassical mechanics@zeng |
| 606 | 0 | @a经典力学@Ajing dian li xue@x英文@j教材 |
| 690 | @aO31@v4 | |
| 701 | 1 | @a戈尔茨坦,@Age er ci tan,@bH.@g(Goldstein, H.)@4著 |
| 701 | 1 | @a普尔,@Apu er,@bC.@g(Poole, C.)@4著 |
| 701 | 1 | @a萨夫科,@Asa fu ke,@bJ.@g(Safko, J.)@4著 |
| 801 | 0 | @aCN@bQSSK@c20060914 |
| 905 | @a10447@dO31@eG230 | |
| 经典力学= Classical mechanics/(美) 戈尔茨坦 (Goldstein, H.), 普尔 (Poole, C.), 萨夫科 (Safko, J.) 著.-北京:高等教育出版社,2005.01 |
| 638页:图;25cm.-(海外优秀理科类系列教材) |
| ISBN 7-04-016091-9:CNY60.00 |
| 本书内容主要讲述国哥伦比亚州大学Herbert Goldstein等编著的《经典力学》(Classical Mechanics)是一本有着很高知名度的经典力学教材,长期以来被世界上多所大学选用。本影印版是2002年出版的第3版。与前两版相比,第3版在保留基本经典力学内容的基础上,做了不少调整。 |
| ● |
| 相关链接 |
|
|
|
正题名:经典力学
索取号:O31/G230
 
预约/预借
| 序号 | 登录号 | 条形码 | 馆藏地/架位号 | 状态 | 备注 |
| 1 | 596989 | 205969898 | 自科库401/401自科库 51排2列3层/ [索取号:O31/G230] | 在馆 | |
| 2 | 596990 | 205969905 | 自科库401/401自科库 51排2列3层/ [索取号:O31/G230] | 在馆 | |
| 3 | 596991 | 205969914 | 自科库401/401自科库 51排2列3层/ [索取号:O31/G230] | 在馆 |